000 00517nam a2200121Ia 4500
008 220620s9999||||xx |||||||||||||| ||und||
100 _aSanti, Michel
245 0 _aCapitalism without Conscience
546 _aEnglish[eng]
650 _aManagement & Business||Management||Business
856 _uhttps://library.oapen.org/bitstream/20.500.12657/25970/1/1004113.pdf||https://library.oapen.org/bitstream/20.500.12657/25970/1/1004113.pdf||https://library.oapen.org/bitstream/20.500.12657/25970/1/1004113.pdf
942 _cEB
999 _c28316
_d28316